Album Releases - Guess the Year - Part 1 - Statistics

General Stats
  • This quiz has been taken 13 times
  • The average score is 17 of 20
Answer Stats
Artist Album Year % Correct
Prince Purple Rain 1984
100%
Nirvana Nevermind 1991
100%
Lauryn Hill The Miseducation of Lauryn Hill 1998
100%
The Beach Boys Pet Sounds 1966
92%
Bon Jovi Slippery When Wet 1986
92%
Eminem The Marshall Mathers 2000
92%
Bad Bunny Un Verano Sin Ti 2022
92%
Journey Infinity 1978
85%
Michael Jackson Off the Wall 1979
85%
Def Leppard Hysteria 1987
85%
Rage Against the Machine Rage Against the Machine 1992
85%
Weezer Weezer 1994
85%
Kanye West Graduation 2007
85%
Kendrick Lamar good kid, m.A.A.d city 2012
85%
Taylor Swift 1989 2014
85%
Travis Scott ASTROWORLD 2018
85%
Olivia Rodrigo SOUR 2021
85%
Metallica ...And Justice For All 1988
77%
Janet Jackson Janet. 1993
77%
The Weeknd Beauty Behind the Madness 2015
77%
No matching quizzes found
Score Distribution
Percent of People with Each Score
Percentile by Number Answered
Your Score History
You have not taken this quiz